[Event "Reggio Emilia8687"]
[Site "Reggio Emilia"]
[Date "1986.??.??"]
[Round "?"]
[White "Velimirovic, Dragoljub"]
[Black "Andersson, Ulf"]
[Result "1/2-1/2"]
[WhiteElo "2570"]
[BlackElo "2600"]

1.e4 c5 2.Nf3 e6 3.d4 cxd4 4.Nxd4 Nc6 5.Nc3 a6 6.Be2 Qc7 7.f4 Nxd4 8.Qxd4 b5
9.Be3 Bb7 10.O-O Rc8 11.Rad1 Nf6 12.Bf3 h5 13.h3 h4 14.e5 Nh5 15.Bxb7 Qxb7
16.Qe4 Qxe4 17.Nxe4 Rxc2 18.Rc1 Rc6 19.Rfd1 Ng3 20.Nxg3 hxg3 21.Kf1 f6 22.Ke2 fxe5
23.fxe5 Rh4 24.Kf3 Ra4 25.a3 b4 26.Rxc6 dxc6 27.axb4 Rxb4 28.Ra1 Rb3 29.Kf4 g5+
30.Ke4 Rxb2 31.Rxa6 Rxg2 32.Rxc6 Kd7 33.Rc1 Ra2 34.Rd1+ Ke8 35.Rd2 Ra4+ 36.Rd4 Ra1
37.Rd2 Re1 38.Rg2 Bc5 39.Rxg3 Kf7 40.Kd3 Bxe3 41.Rxe3 Rf1 42.Rg3 Rf5 43.Rg4  1/2-1/2

[Event "Reykjavik op"]
[Site "Reykjavik"]
[Date "1986.??.??"]
[Round "2"]
[White "Karklins, Andrew"]
[Black "Hansen, Curt"]
[Result "0-1"]
[WhiteElo "2320"]
[BlackElo "2510"]

1.e4 c5 2.Nf3 e6 3.d4 cxd4 4.Nxd4 Nc6 5.Nc3 a6 6.Nxc6 bxc6 7.e5 Qc7 8.Bf4 Rb8
9.Qc1 Qb6 10.Bd3 Qxb2 11.Qxb2 Rxb2 12.Kd2 Rb4 13.Bg3 f5 14.a3 Rb8 15.Rhb1 Rxb1
16.Rxb1 Kd8 17.Rb8 Ne7 18.Bxa6 Kc7 19.Ra8 Bxa6 20.Rxa6 Kb7 21.Ra4 g5 22.f4 gxf4
23.Bf2 Nc8 24.Ne2 Bg7 25.Bd4 Bh6 26.Ke1 Rg8 27.Kf2 Bf8 28.Ra5 Nb6 29.Nxf4 c5
30.Bxc5 Nc4 31.Ra7+ Kb8 32.Bd4 Nxe5 33.Nd3 Nc6 34.Ra4 Bd6 35.h3 Bxa3 36.Bc5 Bxc5+
37.Nxc5 Kc7 38.Rh4 Rg7 39.Nd3 e5 40.Rh6 f4 41.c4 Re7 42.h4 Nd4 43.Rh5 e4
44.Nxf4 e3+ 45.Ke1 Re4 46.Nd5+ Kb8 47.Rxh7 e2 48.Nb4 Rf4 49.Kd2 Rf1 50.Nc2 Rd1+
51.Ke3 Kc7 52.g4 Kd6 53.g5 Rc1 54.c5+ Kxc5 55.Rxd7 Rxc2 56.Kf2 Rd2 57.Re7 Rd1
58.h5 Rf1+ 59.Kg2 e1=Q 60.Rxe1 Rxe1 61.h6 Re5  0-1

[Event "Rome-B"]
[Site "Rome"]
[Date "1986.??.??"]
[Round "?"]
[White "Benedetti, Fabrizio"]
[Black "Krnic, Zdenko"]
[Result "1/2-1/2"]
[WhiteElo "2265"]
[BlackElo "2390"]

1.e4 c5 2.Nf3 Nc6 3.d4 cxd4 4.Nxd4 e6 5.Nc3 a6 6.Be2 Nge7 7.Be3 Nxd4 8.Qxd4 b5
9.O-O Nc6 10.Qd2 Be7 11.f4 d6 12.Rad1 Qc7 13.Bd3 O-O 14.Qf2 Rb8 15.Qg3 b4
16.Ne2 Bf6 17.Qh3 g6 18.f5 exf5 19.exf5 Re8 20.Kh1 Qe7 21.Bg1 Ne5 22.Nf4 Bb7
23.fxg6 hxg6 24.Bxa6 Ba8 25.Nd5 Bxd5 26.Rxd5 Kg7 27.Rfd1 Red8 28.Qb3 Ng4
29.Qg3 Ne5 30.Be2 Nc6 31.Bb5 Na7 32.Ba4 Nc8 33.Bd4 Nb6 34.Re1 Nxd5 35.Rxe7 Nxe7
36.Bxf6+ Kxf6 37.Qh4+ Ke6 38.Qe4+ Kf6 39.Qh4+  1/2-1/2

[Event "Rome-B"]
[Site "Rome"]
[Date "1986.??.??"]
[Round "?"]
[White "Benedetti, Fabrizio"]
[Black "Sibilio, Mario"]
[Result "1/2-1/2"]
[WhiteElo "2265"]
[BlackElo "2305"]

1.e4 c5 2.Nf3 e6 3.d4 cxd4 4.Nxd4 Nc6 5.Nc3 a6 6.Be2 Qb6 7.Nb3 Nf6 8.O-O Bb4
9.Qd3 O-O 10.Be3 Qc7 11.f4 Be7 12.e5 Nb4 13.Qd2 Nfd5 14.Nxd5 Nxd5 15.Bd4 Nb4
16.Bc3 Nd5 17.Bd4 Nb4 18.Bc3 Nd5  1/2-1/2

[Event "Rome"]
[Site "Rome"]
[Date "1986.??.??"]
[Round "?"]
[White "Mariotti, Sergio"]
[Black "Kirov, Nino"]
[Result "0-1"]
[WhiteElo "2445"]
[BlackElo "2485"]

1.e4 c5 2.Nf3 e6 3.d4 cxd4 4.Nxd4 Nc6 5.Nc3 a6 6.Be3 Qc7 7.Nb3 Nf6 8.a3 b5
9.f4 b4 10.axb4 Bxb4 11.Bd3 d5 12.e5 d4 13.Nxd4 Nd5 14.Qd2 Nxe3 15.Qxe3 Bb7
16.Ne2 Ne7 17.Qg3 Qb6 18.O-O-O O-O 19.Ne4 Qa5 20.c3 Bxe4 21.Bxe4 Rab8 22.Bb1 Rfc8
23.Kd2 Nd5 24.Ke1 Bxc3+ 25.bxc3 Nxc3 26.Kf2 Rxb1 27.Nxc3 Rb3 28.Rd3 Rcxc3
29.Rhd1 Rxd3 30.Rxd3 Qc5+ 31.Qe3 Qxe3+ 32.Kxe3 Rxd3+ 33.Kxd3 f5 34.exf6 gxf6
35.Kd4 Kf7 36.g4 Kg6 37.Kc5 h6 38.h4 Kg7 39.Kd6 Kf7 40.Kc6 Ke7  0-1

[Event "BCF-ch"]
[Site "Southampton"]
[Date "1986.??.??"]
[Round "2"]
[White "Watson, William N"]
[Black "Lawton, Geoffrey W"]
[Result "1-0"]
[WhiteElo "2495"]
[BlackElo "2365"]

1.e4 c5 2.Nc3 Nc6 3.Nf3 e6 4.d4 cxd4 5.Nxd4 Nf6 6.Nxc6 bxc6 7.e5 Nd5 8.Ne4 f5
9.exf6 Nxf6 10.Nd6+ Bxd6 11.Qxd6 Qb6 12.Bd3 c5 13.Bf4 Bb7 14.O-O Kf7 15.Rfe1 Rac8
16.c4 Qc6 17.f3 Rhe8 18.Rad1 Qa4 19.Bg5 h6 20.Bxf6 gxf6 21.Qf4 Rg8 22.Qxh6 Rg7
23.Rd2 Kg8 24.b3 Qa5 25.Be4 Ba6 26.Red1 f5 27.Rxd7 Rxd7 28.Qxe6+ Rf7 29.Bxf5 Rd8
30.Qg6+ Kf8 31.Qh6+ Ke8 32.Qh8+ Ke7 33.Qe5+ Kf8 34.Qh8+ Ke7 35.Qh4+ Rf6 36.Re1+ Kf7
37.Qh7+ Kf8 38.Qe7+ Kg8 39.Bh7+  1-0

[Event "BCF-ch"]
[Site "Southampton"]
[Date "1986.??.??"]
[Round "5"]
[White "Agnos, Demetrios"]
[Black "Hawksworth, John C"]
[Result "1-0"]
[WhiteElo "2255"]
[BlackElo "2400"]

1.e4 c5 2.Nf3 e6 3.d4 cxd4 4.Nxd4 Nc6 5.Nc3 d6 6.Be2 Be7 7.O-O Nf6 8.Be3 O-O
9.f4 a6 10.Qe1 Nxd4 11.Bxd4 b5 12.a3 Bb7 13.Qg3 g6 14.Bd3 Qc7 15.f5 Nh5 16.Qh3 exf5
17.exf5 Bf6 18.Bxf6 Nxf6 19.Rae1 Kg7 20.Qh4 Rae8 21.Rxe8 Nxe8 22.f6+ Kg8
23.Kh1 d5 24.Ne2 Qd6 25.Nd4 Bc8 26.Rf3 Bd7 27.Qg5 Nc7 28.Qh6 Ne8 29.Qh4 Nc7
30.g4 Re8 31.Bxg6 fxg6 32.f7+ Kg7 33.fxe8=N+ Nxe8 34.g5 Qe7 35.Qf4  1-0

[Event "BCF-ch"]
[Site "Southampton"]
[Date "1986.??.??"]
[Round "5"]
[White "Kosten, Anthony C"]
[Black "Plaskett, Jim"]
[Result "0-1"]
[WhiteElo "2455"]
[BlackElo "2450"]

1.e4 c5 2.Nf3 Nc6 3.d4 cxd4 4.Nxd4 e6 5.Nc3 Qc7 6.Be2 a6 7.Be3 Nf6 8.f4 d6
9.O-O Be7 10.Kh1 O-O 11.Qe1 Bd7 12.Qg3 Kh8 13.Rad1 b5 14.a3 b4 15.axb4 Nxb4
16.e5 Nfd5 17.Nxd5 Nxd5 18.Bc1 dxe5 19.fxe5 Bb5 20.Nxb5 axb5 21.c3 b4 22.c4 Nb6
23.Bf4 Nd7 24.Bd3 Nc5 25.Bb1 Rad8 26.Qh3 g6 27.Rde1 Rfe8 28.Bh6 Bf8 29.Bg5 Rd4
30.Bf6+ Bg7 31.Qh6 Rg8 32.Rd1 Qd7 33.Bc2 Bxf6 34.exf6 b3 35.Rxd4 Qxd4 36.Bb1 Nd7
37.Qh3 Qxc4 38.Bd3 Qd4 39.Qf3 Qxb2 40.Qb7 Qd4 41.Bb5 Ne5 42.Be2  0-1

[Event "BCF-ch"]
[Site "Southampton"]
[Date "1986.??.??"]
[Round "5"]
[White "Adams, Michael"]
[Black "Conquest, Stuart"]
[Result "1-0"]
[WhiteElo "2260"]
[BlackElo "2430"]

1.e4 c5 2.Nf3 e6 3.d4 cxd4 4.Nxd4 Nc6 5.Nc3 a6 6.Be2 Qc7 7.O-O Nf6 8.Kh1 b5
9.Nxc6 dxc6 10.f4 b4 11.e5 bxc3 12.exf6 gxf6 13.bxc3 f5 14.Qe1 Bb7 15.Bh5 O-O-O
16.Rb1 c5 17.Qe2 Rd6 18.c4 Bg7 19.Bf3 Bxf3 20.Qxf3 Rhd8 21.Be3 Rc6 22.Bf2 Bd4
23.Be1 Rdd6 24.Qa3 Rd7 25.Ba5 Qa7 26.Qf3 Rcd6 27.Rb3 Rb7 28.Rd3 Rb2 29.c3 Rxa2
30.cxd4 Rxa5 31.d5 Qb7 32.Rb3 Rb6 33.Rxb6 Qxb6 34.dxe6 fxe6 35.Rd1 Qb7 36.Qe3 Qe7
37.h3 Ra4 38.Qf3 Kb8 39.Qc6 Rb4 40.Rd7 Rb1+ 41.Kh2  1-0

[Event "BCF-ch"]
[Site "Southampton"]
[Date "1986.??.??"]
[Round "9"]
[White "Findlay, Ian T"]
[Black "Plaskett, Jim"]
[Result "1-0"]
[WhiteElo "2375"]
[BlackElo "2450"]

1.e4 c5 2.Nf3 e6 3.d4 cxd4 4.Nxd4 Nc6 5.Nc3 Qc7 6.Be2 a6 7.O-O Nf6 8.Be3 Be7
9.f4 d6 10.a4 O-O 11.Qe1 Bd7 12.Qg3 Kh8 13.Kh1 Rac8 14.Rae1 Nb4 15.Bd3 Nxd3
16.cxd3 Qa5 17.Nc2 Rxc3 18.bxc3 Qxc3 19.e5 dxe5 20.fxe5 Nd5 21.Rf2 Qxd3 22.a5 Ba4
23.Rd2 Qc3 24.Bf4 Rc8 25.Rxd5 exd5 26.Ne3 Qd3 27.Qg4 Re8 28.e6 Bf8 29.exf7 Qc3
30.Rf1 Ra8 31.Qg3 Qd3 32.Bd6 Qg6 33.Qxg6 hxg6 34.Rf3 Bd7 35.g4  1-0

[Event "Tatran Cup"]
[Site "Stary Smokovec"]
[Date "1986.??.??"]
[Round "?"]
[White "Lanc, Alois"]
[Black "Banas, Jan"]
[Result "1-0"]
[WhiteElo "2495"]
[BlackElo "2395"]

1.e4 c5 2.Nc3 Nc6 3.Nf3 e6 4.d4 cxd4 5.Nxd4 Qc7 6.f4 a6 7.Nxc6 Qxc6 8.Be2 b5
9.Bf3 Bb7 10.e5 Qc7 11.Bxb7 Qxb7 12.O-O Ne7 13.Be3 Nf5 14.Bf2 h5 15.Qd3 Rc8
16.Ne4 Be7 17.Rad1 Qc6 18.Rfe1 O-O 19.c3 Rfd8 20.Qe2 d5 21.exd6 Nxd6 22.Nxd6 Bxd6
23.f5 exf5 24.Qxh5 Qc7 25.Bd4 Re8 26.h3 Be5 27.Qxf5 Bxd4+ 28.cxd4 Rxe1+ 29.Rxe1 Rd8
30.Kh1 Qc4 31.Re7 Qxa2 32.d5 Rf8 33.Qe5 Qc4 34.d6 Qc8 35.d7 Qd8 36.b4 a5
37.bxa5 b4 38.Qd6 b3 39.Re2 Qa8 40.a6 Rd8 41.Qc7 Kh7 42.Qb7 Kg6 43.Rb2 Kf6
44.Rxb3 Ke7 45.Re3+  1-0

[Event "Tallinn (Women)"]
[Site "Tallinn"]
[Date "1986.??.??"]
[Round "4"]
[White "Tsiganova, Monika"]
[Black "Zainetdinova, Svetlana"]
[Result "0-1"]
[WhiteElo "1985"]
[BlackElo "2055"]

1.e4 c5 2.Nf3 Nc6 3.d4 cxd4 4.Nxd4 e6 5.Nc3 Qc7 6.Be3 Nf6 7.Bd3 a6 8.Nb3 b5
9.f4 d6 10.Qf3 Bb7 11.O-O Be7 12.Rad1 O-O 13.Qh3 Nb4 14.Nd4 Rac8 15.a3 Nxd3
16.cxd3 Rfe8 17.Rf3 Bf8 18.Rdf1 Re7 19.Qh4 Ne8 20.Rh3 h6 21.f5 e5 22.f6 exd4
23.fxe7 Bxe7 24.Qf2 dxe3 25.Qxf7+ Kh8 26.Ne2 Bf6 27.Qh5 Qc5 28.Qf3 d5 29.Rh5 dxe4
30.dxe4 Qc4 31.Ng3 e2 32.Qxe2 Qxe2 33.Nxe2 Bxe4 34.Ng3 Bg6 35.Rd5 Bxb2 36.h4 Nf6
37.Rd6 Bxa3 38.Rxa6 b4 39.Rb6 Kh7 40.Rb7 Kh8 41.Re1 Nh5 42.Ne2 Re8 43.Kf2 Bd3
44.g4 Rxe2+ 45.Rxe2 Bxe2 46.Kxe2 Nf4+ 47.Kf3 Ne6 48.Rb8+ Kh7 49.Ke4 Nc5+
50.Kd4 Nd7 51.Rb7 Nf6 52.g5 hxg5 53.hxg5 Nh5 54.Ke4 Kg6 55.Rb5 Ng3+ 56.Kf4 Nf1
57.Kg4 Ne3+ 58.Kf4 Nc2 59.Kg4 Bb2 60.Rb6+ Kf7 61.Kf5 Nd4+ 62.Ke5 Nc2+ 63.Kf5 Ke7
64.Ke4 Bc3 65.Kd3 Ne1+ 66.Ke4 Kd7 67.Kd5 Kc7 68.Rb5 Nf3 69.Kc4 Nd2+ 70.Kd3 Kc6
71.Rb8 Nf3 72.Rc8+ Kd6 73.Rd8+ Ke6  0-1

[Event "Tallinn (Women)"]
[Site "Tallinn"]
[Date "1986.??.??"]
[Round "9"]
[White "Zainetdinova, Svetlana"]
[Black "Fomina, Tatyana"]
[Result "1/2-1/2"]
[WhiteElo "2055"]
[BlackElo "2080"]

1.e4 c5 2.Nf3 e6 3.d4 cxd4 4.Nxd4 Nc6 5.Nc3 d6 6.Be2 Nf6 7.O-O Be7 8.Be3 O-O
9.f4 a6 10.Qe1 Nxd4 11.Bxd4 b5 12.Bf3 Bb7 13.Rd1 Qc7 14.e5 Ne8 15.f5 d5 16.fxe6 fxe6
17.Bg4 Qd7 18.Rxf8+ Bxf8 19.h4 Rc8 20.Qf2 g6 21.Rf1 Ng7 22.Qf6 Qe7 23.Ne2 Nf5
24.Bxf5 Qxf6 25.exf6 gxf5 26.Nf4 Kf7 27.Re1 Rc6 28.c3 Bc8 29.Nd3 Rc7 30.Kf2 a5
31.a3 Bd6 32.Kf3 Bb7 33.g4 fxg4+ 34.Kxg4 b4 35.axb4 axb4 36.Ne5+  1/2-1/2

[Event "Tirnavia"]
[Site "Trnava"]
[Date "1986.??.??"]
[Round "1"]
[White "Tseshkovsky, Vitaly"]
[Black "Kouatly, Bachar"]
[Result "1-0"]
[WhiteElo "2455"]
[BlackElo "2445"]

1.e4 c5 2.Nc3 e6 3.Nf3 Nc6 4.d4 cxd4 5.Nxd4 Nf6 6.Nxc6 bxc6 7.e5 Nd5 8.Ne4 Qc7
9.f4 Qb6 10.c4 Bb4+ 11.Ke2 f5 12.exf6 Nxf6 13.Be3 Qa5 14.Nxf6+ gxf6 15.Kf2 O-O
16.Bd3 Rf7 17.a3 Bf8 18.Rf1 d5 19.Kg1 Bc5 20.Bf2 Qb6 21.Bxc5 Qxc5+ 22.Kh1 a5
23.Rf3 Qe7 24.Qe2 Rg7 25.Re1 Qd6 26.Qf2 Bd7 27.Rg3 d4 28.Rxg7+ Kxg7 29.Qh4 Rh8
30.Qg4+ Kf8 31.Qh5 c5 32.Qh6+ Kf7 33.Be2 Qf8 34.Qh5+ Kg7 35.Bf3 Rg8 36.b4 axb4
37.axb4 cxb4 38.f5 Qd6 39.fxe6 Bxe6 40.c5 Qd7 41.Qh4 b3 42.Qg3+ Kh8 43.c6 Qe7
44.Qf4 d3 45.h3 Rd8 46.c7 Rc8 47.Bg4 b2 48.Bxe6 b1=Q 49.Rxb1 Qxe6 50.Rb8 Kg7
51.Qg3+ Kh6 52.Rb4  1-0

[Event "Tirnavia-B"]
[Site "Trnava"]
[Date "1986.??.??"]
[Round "2"]
[White "Lanka, Zigurds"]
[Black "Ksieski, Zbigniew"]
[Result "1/2-1/2"]
[WhiteElo "2370"]
[BlackElo "2385"]

1.e4 c5 2.Nf3 e6 3.d4 cxd4 4.Nxd4 Nc6 5.Nc3 d6 6.g4 Be7 7.Be3 h6 8.h3 Nf6
9.Bg2 Bd7 10.Qe2 Rc8 11.f4 a6 12.O-O-O Qc7 13.Nb3 b5 14.Kb1 g5 15.e5 dxe5
16.fxg5 hxg5 17.Bxg5 Nh5 18.Qd2 Nf4 19.Bxf4 exf4 20.Rhf1 b4 21.Ne4 e5 22.Nec5 Nb8
23.Nxd7 Nxd7 24.Qd3 Rh6  1/2-1/2

[Event "Tirnavia"]
[Site "Trnava"]
[Date "1986.??.??"]
[Round "9"]
[White "Lanc, Alois"]
[Black "Kouatly, Bachar"]
[Result "1-0"]
[WhiteElo "2385"]
[BlackElo "2445"]

1.e4 c5 2.Nf3 e6 3.d4 cxd4 4.Nxd4 Nc6 5.Nc3 Nf6 6.Ndb5 d6 7.Bf4 e5 8.Bg5 a6
9.Na3 b5 10.Nd5 Be7 11.Nxe7 Nxe7 12.Bxf6 gxf6 13.Qf3 f5 14.exf5 Bxf5 15.Bd3 Be6
16.O-O O-O 17.c4 f5 18.Rfd1 Kh8 19.cxb5 d5 20.Bc4 Qb8 21.Bb3 axb5 22.Nc2 Qd6
23.Qe2 f4 24.Re1 Ng6 25.Qxb5 Nh4 26.Kh1 Rab8 27.Qa5 Bf5 28.f3 Rfe8 29.Re2 d4
30.Rd1 d3 31.Ne1 Rb4 32.Red2 Rd4 33.Qb5 Rb8 34.Qa5 Bg6 35.Nxd3 Rd8 36.Nxf4 Bf7
37.Bxf7  1-0

[Event "Tirnavia"]
[Site "Trnava"]
[Date "1986.??.??"]
[Round "11"]
[White "Banas, Jan"]
[Black "Kurtenkov, Atanas"]
[Result "1/2-1/2"]
[WhiteElo "2395"]
[BlackElo "2455"]

1.e4 c5 2.Nf3 Nc6 3.d4 cxd4 4.Nxd4 e6 5.Nc3 a6 6.Be3 Qc7 7.f4 b5 8.Nb3 Na5
9.Nxa5 Qxa5 10.Bd3 b4 11.Ne2 Nf6 12.Nc1 Bb7 13.Nb3 Qc7 14.Nd2 Bc5 15.Qe2 O-O
16.O-O e5 17.Kh1 Bxe3 18.Qxe3 Rfe8 19.fxe5 Ng4 20.Qg3 Nxe5 21.Nf3 d6 22.Nd4 Ng6
23.Rae1 Re7 24.h4 Re5 25.Rf5 Rae8 26.h5 Nf8 27.h6 g6 28.Ref1 Qc5  1/2-1/2

[Event "Tirnavia"]
[Site "Trnava"]
[Date "1986.??.??"]
[Round "13"]
[White "Lanc, Alois"]
[Black "Kurtenkov, Atanas"]
[Result "1-0"]
[WhiteElo "2385"]
[BlackElo "2455"]

1.e4 c5 2.Nf3 Nc6 3.d4 cxd4 4.Nxd4 e6 5.Nc3 a6 6.Be2 Nge7 7.f4 b5 8.Bf3 Bb7
9.Nb3 Qc7 10.Qe2 Nc8 11.a3 Be7 12.O-O O-O 13.Kh1 Nb6 14.Qf2 d6 15.Qg3 Bf6
16.e5 dxe5 17.Nc5 Nd7 18.N3e4 Kh8 19.Nxd7 Qxd7 20.Nxf6 gxf6 21.Qh4 Rg8 22.Qxf6+ Rg7
23.f5 exf5 24.Bh6 Rg8 25.Rad1 Qe6 26.Bxg7+ Rxg7 27.Qxe6 fxe6 28.Bxc6 Bxc6
29.Rd8+ Rg8 30.Rxg8+ Kxg8 31.Rd1 Bd5 32.Kg1 Kf7 33.Kf2 Kf6 34.Rd3 e4 35.Rc3 f4
36.g3 e3+ 37.Ke2 e5 38.b3 h5 39.Rc7 Be6 40.gxf4 exf4 41.Rc5 Bg4+ 42.Kd3 h4
43.c4 bxc4+ 44.Rxc4 Ke5 45.Rc5+ Kd6 46.Rg5 Be6 47.b4 h3 48.Ke4 e2 49.Rg1 Bd5+
50.Kxf4 Bg2 51.Ke3 Bf1 52.Kd2 Kc6 53.Ke1 Kb5 54.Rg5+ Kb6 55.a4 Kc6 56.Rg6+ Kb7
57.a5 Bg2 58.Rb6+ Ka7 59.Kxe2 Bb7 60.Ke3 Bg2 61.Kd4 Bf1 62.Kc5 Bg2 63.Rh6 Bf1
64.Rh7+ Kb8 65.Kc6  1-0

[Event "Vienna op"]
[Site "Vienna"]
[Date "1986.??.??"]
[Round "?"]
[White "Felsberger, Alfred"]
[Black "Quinteros, Miguel A"]
[Result "1/2-1/2"]
[WhiteElo "2315"]
[BlackElo "2510"]

1.e4 c5 2.Nc3 Nc6 3.Nf3 e6 4.d4 cxd4 5.Nxd4 d6 6.Be3 Bd7 7.Bc4 a6 8.O-O b5
9.Bb3 Nf6 10.a3 Be7 11.f4 O-O 12.f5 e5 13.Nxc6 Bxc6 14.Nd5 Rc8 15.Qd3 Bxd5
16.exd5 Ng4 17.Kh1 Bg5 18.Bg1 g6 19.a4 Rb8 20.axb5 axb5 21.Ra7 Nh6 22.fxg6 hxg6
23.Qc3 Nf5 24.Qf3 Bh6 25.c3 Bg7 26.Bc2 Ne7 27.Be3 Qe8 28.Qh3 Nc8  1/2-1/2

[Event "Warzsawa"]
[Site "Warzsawa"]
[Date "1986.??.??"]
[Round "?"]
[White "Sobura, Henryk"]
[Black "Ostrowski, Leszek"]
[Result "1/2-1/2"]
[WhiteElo "2370"]
[BlackElo "2355"]

1.e4 c5 2.Nf3 e6 3.d4 cxd4 4.Nxd4 Nc6 5.Nc3 d6 6.Be3 Nf6 7.Bc4 a6 8.Qe2 Qc7
9.O-O-O Na5 10.Bd3 b5 11.a3 Bb7 12.g4 Rc8 13.g5 Nd7 14.f4 Nc5 15.Qf2 Nc4
16.Rhe1 Nxe3 17.Qxe3 Be7 18.Kb1 O-O 19.f5 e5 20.Nde2 Nxd3 21.Rxd3 Qc5 22.Qxc5 Rxc5
23.f6 gxf6 24.gxf6 Bxf6 25.Rxd6 Rc6 26.Rd7 Bc8 27.Ra7 Bh4 28.Ng3 Be6 29.Nd5 Rd8
30.Rf1 Rc4 31.Rxa6 Bxd5 32.exd5 Bxg3 33.hxg3 Rxd5 34.Ra8+ Kg7 35.Ra7 Rd2
36.c3 Rg4 37.Rfxf7+ Kg6 38.Rg7+ Kf5 39.Raf7+ Ke6 40.Re7+ Kf5 41.Ref7+ Ke6
42.Re7+ Kf6 43.Rxg4 Kxe7 44.Rh4 Rd5 45.Kc2 Ke6 46.a4 bxa4 47.Re4 Rd7 48.g4 Rf7
49.Rb4 Kd5 50.Kd3 Rf3+ 51.Ke2 Rg3 52.Kf2 Rh3 53.g5 e4 54.Rb6 Rd3 55.Rb5+ Kc4
56.Rb4+ Kd5 57.Rd4+ Rxd4 58.cxd4 Kxd4 59.Ke2 e3 60.Ke1 Kc4 61.Ke2 Kb3 62.Kxe3 Kxb2  1/2-1/2

[Event "Zenica"]
[Site "Zenica"]
[Date "1986.??.??"]
[Round "13"]
[White "Kobas, Adnan"]
[Black "Marjanovic, Slavoljub"]
[Result "1/2-1/2"]
[WhiteElo "2320"]
[BlackElo "2515"]

1.e4 c5 2.Nf3 e6 3.d4 cxd4 4.Nxd4 Nc6 5.Nc3 Qc7 6.g3 a6 7.Bg2 d6 8.O-O Bd7
9.Re1 Be7 10.a4 Nf6 11.Nxc6 Bxc6 12.a5 O-O 13.Be3  1/2-1/2

[Event "Aalborg op"]
[Site "Aalborg"]
[Date "1987.??.??"]
[Round "3"]
[White "Elseth, Roar"]
[Black "Kuehn, M."]
[Result "1-0"]
[WhiteElo "2305"]
[BlackElo "2230"]

1.e4 c5 2.Nf3 e6 3.d4 cxd4 4.Nxd4 Nc6 5.Nc3 Nf6 6.Ndb5 d6 7.Bf4 e5 8.Bg5 a6
9.Na3 b5 10.Nd5 Be7 11.Bxf6 Bxf6 12.c3 O-O 13.Nc2 Rb8 14.Be2 Bg5 15.O-O a5
16.b4 axb4 17.cxb4 f5 18.Nc3 Na7 19.exf5 Bxf5 20.Na3 Qd7 21.Bf3 Kh8 22.Qb3 Bg6
23.Be4 Bxe4 24.Nxe4 Be7 25.Rad1 Nc6 26.Nc2 Rf4 27.Rfe1 Rbf8 28.Qd5 Nd8 29.Rd2 Nf7
30.Nc5 Qg4 31.Ne6 Ng5 32.Nxf4 Rxf4 33.Ne3 Qh5 34.Rc1 h6 35.Rc8+ Kh7 36.Qg8+ Kg6
37.Qe8+ Rf7 38.Rc7 Nf3+ 39.gxf3 Qg5+ 40.Kf1  1-0

[Event "ISL-ch"]
[Site "Akureyri"]
[Date "1987.??.??"]
[Round "1"]
[White "Kristjansson, Olafur"]
[Black "Karason, Askell O"]
[Result "0-1"]
[WhiteElo "2230"]
[BlackElo "2255"]

1.e4 c5 2.Nf3 e6 3.d4 cxd4 4.Nxd4 Nc6 5.Nc3 d6 6.Be2 Nf6 7.O-O Be7 8.Kh1 O-O
9.Be3 a6 10.a4 Qc7 11.f4 Bd7 12.Nb3 b6 13.Bf3 Rab8 14.Qe2 Bc8 15.Rad1 Bb7
16.g4 Rfe8 17.g5 Nd7 18.Qg2 Bf8 19.Qh3 Na5 20.Nd4 g6 21.Bg2 Nc4 22.Bc1 e5
23.Nde2 b5 24.axb5 axb5 25.Nxb5 Qc8 26.Nbc3 exf4 27.Nxf4 Ncb6 28.Nfd5 Nxd5
29.exd5 Ne5 30.Ne4 Qxh3 31.Nf6+ Kh8 32.Bxh3 Re7 33.b3 Rc7 34.Rf2 Bc8 35.Bxc8 Rbxc8
36.Rdd2 h6 37.h4 Be7 38.Ne4 Ng4 39.Rxf7 Kg8 40.Rf4 Rxc2 41.Rxc2 Rxc2 42.Rxg4 Rxc1+
43.Rg1 Rc2 44.gxh6 Kh7 45.h5 Kxh6 46.hxg6 Kg7 47.Rg4 Rc1+ 48.Kg2 Rd1 49.Nc3 Rd2+
50.Kh3 Rb2 51.Rb4 Kxg6 52.Kg4 Rd2 53.Rb5 Rd4+ 54.Kf3 Rd3+ 55.Ke4 Rxc3 56.Rb6 Kf7
57.b4 Ke8 58.Rb7 Kd8 59.b5 Rc1 60.b6 Kc8 61.Ra7 Bh4 62.Kf5 Bf2 63.Ra8+ Kb7
64.Ra2 Bxb6 65.Ke6 Kc7 66.Rh2 Re1+ 67.Kf6 Bd4+ 68.Kf5 Re5+ 69.Kf4 Bc5  0-1

[Event "ISL-ch"]
[Site "Akureyri"]
[Date "1987.??.??"]
[Round "8"]
[White "Karason, Askell O"]
[Black "Petursson, Margeir"]
[Result "0-1"]
[WhiteElo "2255"]
[BlackElo "2535"]

1.e4 c5 2.Nf3 Nc6 3.d4 cxd4 4.Nxd4 e6 5.Nc3 a6 6.g3 d6 7.Bg2 Bd7 8.O-O Be7
9.Nxc6 Bxc6 10.Qg4 h5 11.Qe2 Nf6 12.Bg5 Nxe4 13.Bxe4 Bxg5 14.f4 Qb6+ 15.Kg2 Bf6
16.f5 Bxc3 17.bxc3 e5 18.Rad1 O-O-O 19.f6 g6 20.c4 Kb8 21.Rf3 Qc5 22.Bd5 Rd7
23.Re3 Rc8 24.Re4 Rdc7 25.Rd3 Bxd5 26.Rxd5 Qxd5 27.cxd5 Rxc2 28.Kh3 Rxe2
29.Rxe2 Rc4  0-1

[Event "OHRA"]
[Site "Amsterdam"]
[Date "1987.??.??"]
[Round "?"]
[White "Chandler, Murray G"]
[Black "Zapata, Alonso"]
[Result "1-0"]
[WhiteElo "2575"]
[BlackElo "2510"]

1.e4 c5 2.Nf3 e6 3.d4 cxd4 4.Nxd4 Nc6 5.Nc3 a6 6.f4 Qc7 7.Be2 Nxd4 8.Qxd4 b5
9.Be3 Ne7 10.O-O Nc6 11.Qd3 Be7 12.e5 Bb7 13.Rad1 Rc8 14.a3 Na5 15.Kh1 Nc4
16.Bc1 Bc6 17.Ne4 O-O 18.Bf3 Rfd8 19.Nd6 Bxd6 20.exd6 Qb7 21.b3 Nb6 22.f5 f6
23.fxe6 dxe6 24.Qe2 Qd7 25.Bg4 Re8 26.Bb2 Bd5 27.a4 Qc6 28.Rd2 Nd7 29.Re1 Nf8
30.Bh5 Red8 31.axb5 axb5 32.Qg4 e5 33.Ba3 Ne6 34.Red1 Nd4 35.Bb4 Be6 36.Qg3 Qe4
37.c3 Nxb3 38.Bf3 Qc4 39.Rb2 e4 40.Be2 Qc6 41.Bg4 Qd7 42.Bxe6+ Qxe6 43.Qe3 Ra8
44.h3 Ra6 45.Qe2 Qc4 46.Rdb1 Rc6 47.Qg4 Nc5 48.Ba5 f5 49.Qh4 Rdxd6 50.Rxb5 Rc8
51.Rb8 Rc6 52.Qf4 Qe6 53.Bc7 Nd3 54.Qg3 Rxb8 55.Rxb8+ Kf7 56.Rb7 Nc5 57.Ra7 Ra6
58.Rxa6 Nxa6 59.Be5 g5 60.c4 h6 61.Qc3 Nc5 62.Bd4 Nd7 63.h4 f4 64.c5 Nb8
65.Bh8 Kg6 66.Qg7+ Kh5 67.hxg5 hxg5 68.Qh7+ Qh6 69.Qf5 Nc6 70.Bf6 e3 71.Kg1 Nb4
72.Be5 e2 73.Bc3 Nc6 74.Kf2 Nd8 75.Bf6 Nb7 76.Be7 Na5 77.Kxe2  1-0

[Event "OHRA"]
[Site "Amsterdam"]
[Date "1987.??.??"]
[Round "?"]
[White "Van der Wiel, John TH"]
[Black "Zapata, Alonso"]
[Result "1-0"]
[WhiteElo "2550"]
[BlackElo "2510"]

1.e4 c5 2.Nf3 Nc6 3.d4 cxd4 4.Nxd4 e6 5.Nc3 Qc7 6.Be3 a6 7.Qd2 b5 8.Nxc6 Qxc6
9.f3 Bb7 10.Ne2 Nf6 11.O-O-O Rc8 12.Nd4 Qc7 13.g4 e5 14.Nb3 Bb4 15.Qg2 O-O
16.Bd3 Kh8 17.Kb1 d5 18.g5 Nh5 19.exd5 Bxd5 20.Qg4 Nf4 21.Bxf4 exf4 22.Qf5  1-0

[Event "OHRA-B"]
[Site "Amsterdam"]
[Date "1987.??.??"]
[Round "1"]
[White "Beulen, Marcel"]
[Black "Ligterink, Gert"]
[Result "0-1"]
[WhiteElo "2560"]
[BlackElo "2450"]

1.e4 c5 2.Nf3 e6 3.d4 cxd4 4.Nxd4 Nc6 5.Nc3 d6 6.Be3 Nf6 7.Qd2 Be7 8.f3 O-O
9.O-O-O d5 10.exd5 Nxd5 11.Nxd5 exd5 12.Kb1 Bf6 13.Nxc6 bxc6 14.Bd4 Re8 15.c3 a5
16.Bd3 Rb8 17.Qf4 Be6 18.Bxf6 Qxf6 19.Qxf6 gxf6 20.Rhe1 Kg7 21.g4 h5 22.h3 Rh8
23.Rh1 Kf8 24.f4 Ke7 25.Be2 hxg4 26.hxg4 Rbg8 27.Rh5 Rxh5 28.gxh5 Bf5+ 29.Bd3 Bxd3+
30.Rxd3 Rg1+ 31.Kc2 Rh1 32.Rd2 Kd6 33.Kb3 Kc5 34.Ka4 Kb6 35.b3 Rxh5 36.a3 Rf5
37.Rf2 c5 38.b4 axb4 39.axb4 Rh5 40.Kb3 Rh3 41.Rd2 Kc6 42.bxc5 Kxc5 43.Kc2 Re3
44.Rh2 Kc4 45.Rh6 Rxc3+ 46.Kd2 Kd4 47.Rxf6 Rc7 48.Rf5 Re7 49.Rf6 Ke4 50.Ke2 d4
51.Kd2 Ra7 52.Kc1 d3 53.Kd2 Ra2+ 54.Kc1 d2+ 55.Kd1 Ke3  0-1

[Event "OHRA-B"]
[Site "Amsterdam"]
[Date "1987.??.??"]
[Round "6"]
[White "Riemersma, Liafbern"]
[Black "Belkhodja, Slim"]
[Result "1-0"]
[WhiteElo "2345"]
[BlackElo "2375"]

1.e4 c5 2.Nf3 e6 3.d4 cxd4 4.Nxd4 Nc6 5.Nc3 d6 6.Be3 Nf6 7.Be2 Be7 8.O-O O-O
9.f4 a6 10.a4 Qc7 11.Kh1 Re8 12.Bf3 Rb8 13.g4 e5 14.Nf5 Bxf5 15.exf5 exf4
16.Bxf4 h6 17.Bg2 Ne5 18.h3 Qc5 19.Qc1 Bf8 20.g5 hxg5 21.Bxg5 Nc4 22.Bxf6 gxf6
23.Nd5 Bg7 24.b4 Qa7 25.Qf4 Ne3 26.Rg1 Nxd5 27.Bxd5 Qe3 28.Qg4 Qh6 29.Ra3 Qg5
30.Rag3 Kf8 31.Qf3 Qh6 32.Rxg7  1-0

[Event "OHRA-B"]
[Site "Amsterdam"]
[Date "1987.??.??"]
[Round "6"]
[White "Marinkovic, Ivan"]
[Black "Ligterink, Gert"]
[Result "1/2-1/2"]
[WhiteElo "2420"]
[BlackElo "2450"]

1.e4 c5 2.Nf3 e6 3.Nc3 Nc6 4.d4 cxd4 5.Nxd4 d6 6.g3 Nf6 7.Bg2 Bd7 8.O-O Be7
9.b3 a6 10.Bb2 O-O 11.a4 Rc8 12.Nxc6 Bxc6 13.Qe2 Qc7 14.Rfd1 Rfe8 15.Rac1 Qb8
16.Ba3 b5 17.axb5 axb5 18.Bb4 Qb7 19.Ra1 d5 20.Bxe7 Rxe7 21.exd5 exd5 22.Qd3 h6
23.b4 Rce8 24.Bf1 Qc8 25.Nxb5 Bxb5 26.Qxb5 Qxc2 27.Qd3 Qxd3 28.Bxd3 Rb8 29.b5 Ne4
30.Re1 Reb7  1/2-1/2

[Event "OHRA-B"]
[Site "Amsterdam"]
[Date "1987.??.??"]
[Round "8"]
[White "Geller, Efim P"]
[Black "Winants, Luc"]
[Result "1-0"]
[WhiteElo "2515"]
[BlackElo "2440"]

1.e4 c5 2.Nf3 Nc6 3.d4 cxd4 4.Nxd4 e6 5.Nc3 Nf6 6.Ndb5 Bb4 7.a3 Bxc3+ 8.Nxc3 d5
9.exd5 exd5 10.Bd3 O-O 11.O-O d4 12.Ne2 h6 13.Bf4 Nd5 14.Bg3 Qf6 15.Re1 Nde7
16.Nf4 Bf5 17.Bc4 Rac8 18.Qd2 Rfd8 19.Nd3 Ng6 20.Ba2 b6 21.Bc4 Nb8 22.b3 Nd7
23.Re2 Nc5 24.Rae1 a6 25.Nxc5 Rxc5 26.Re8+ Rxe8 27.Rxe8+ Kh7 28.h4 b5 29.Bd3 Qc6
30.Rd8 Bxd3 31.Qxd3 h5 32.Rd6 Qc8 33.Qxd4 Rxc2 34.Qd5 Qg4 35.Qxf7 Nxh4 36.Rd8 Rc1+
37.Kh2 Nf5 38.Qg8+ Kg6 39.Qe8+ Kh7 40.Qg8+ Kg6 41.Ra8 Qe4 42.Rxa6+ Rc6 43.f3  1-0